Normal view
MARC view
- Moulijn, Jacob A.
Entry Personal Name
001 - CONTROL NUMBER
- control field: 38737
003 - CONTROL NUMBER IDENTIFIER
- control field: OSt
005 - DATE AND TIME OF LATEST TRANSACTION
- control field: 20151115115038.0
008 - FIXED-LENGTH DATA ELEMENTS
- fixed length control field: 151115|| aca||aabn | a|a d
040 ## - CATALOGING SOURCE
- Original cataloging agency: OSt
100 1# - HEADING--PERSONAL NAME
- Personal name: Moulijn, Jacob A.
400 1# - SEE FROM TRACING--PERSONAL NAME
- Personal name: Moulijn, J. A.
- Fuller form of name: (Jacob A.)